| 000 | 00496nam a22001817a 4500 | ||
|---|---|---|---|
| 999 |
_c522620 _d522620 |
||
| 003 | NUST | ||
| 020 | _a9789697576326 | ||
| 038 | _awaseem | ||
| 082 |
_a891.4391 _bHAS |
||
| 100 |
_aUl-Ameen, Hassan _912675 |
||
| 245 |
_aMaghrib se Mukalma / _cHassan Ul-Ameen |
||
| 260 |
_aIslamabad : _bInternational Islamic University, _c2018. |
||
| 300 | _a155 p. ; | ||
| 500 | _aPaperback. | ||
| 880 |
_6100-01/r _aحسن الامین |
||
| 880 |
_6245-02/r _aمغرب سے مکالمۃ |
||
| 942 |
_2ddc _cBK |
||